Our moon has blood clots: (Record no. 152723)

MARC details
000 -LEADER
fixed length control field 00600nam a22001817a 4500
005 - DATE AND TIME OF LATEST TRANSACTION
control field 20180704165135.0
010 ## - LCCN (DPL NO)
LC control number ENG-123232
020 ## - INTERNATIONAL STANDARD BOOK NUMBER
International Standard Book Number 9788184000870
Terms of availability 499.00
035 ## - SYSTEM CONTROL NUMBER
System control number EN-106764
037 ## - SOURCE OF ACQUISITION
Source of stock number/acquisition DBAD/PUB
082 ## - DEWEY DECIMAL CLASSIFICATION NUMBER
Classification number 305.80095411
100 ## - MAIN ENTRY--PERSONAL NAME
Personal name Pandita, Rahul
245 ## - TITLE STATEMENT
Title Our moon has blood clots:
Statement of responsibility, etc by Rahul Pandita
Remainder of title the exodus of the kasmiri pandits /
260 ## - PUBLICATION, DISTRIBUTION, ETC. (IMPRINT)
Place of publication, distribution, etc Noida (UP)
Name of publisher, distributor, etc Random House India
Date of publication, distribution, etc 2013
270 ## - ADDRESS
Address Windsor IT Park, 7th Floor, Tower-B, A-1, Sector-125,
City Noida (UP)
Postal code 201301
300 ## - PHYSICAL DESCRIPTION
Extent 258p.
Dimensions 21cm(Hb)
942 ## - ADDED ENTRY ELEMENTS (KOHA)
Source of classification or shelving scheme Dewey Decimal Classification
Item type English Books
Call number suffix PAN
Classification part 305.80095411
Holdings
Withdrawn status Lost status Not for loan Collection code Home library Current library Date acquired Source of acquisition Cost, normal purchase price Full call number Barcode Copy number Cost, replacement price Koha item type
    Not For Loan Non-fiction D.B.Act.Division Central Library 15/06/2018 DBAD/PUB 499.00 305.80095411 RAH EN-106764 1 499.00 English Books

© Delhi Public Library
Hit Counter
free hit counter